| 000 | nam a22 a 4500 | ||
|---|---|---|---|
| 999 |
_c4262 _d4262 |
||
| 005 | 20170526103513.0 | ||
| 008 | 170526b2016 my ||||| |||| 00| 0 eng d | ||
| 020 | _a 9789832591122 | ||
| 020 | _a9832591120 | ||
| 040 | _aAKMAL | ||
| 082 | _a11.31074595 NUR | ||
| 090 |
_a11.31074595 _b NUR |
||
| 100 | 1 |
_aBarakat, Heba Nayel, _98331 |
|
| 245 | 1 | 0 |
_a Dalaʾil al-Khayrat : _b prayer manuscripts from the 16th to 19th centuries / _cwriter, Nurul Iman Rusli ; advisor & editors, Dr. Heba Nayel Barakat dan Amira Salleh. |
| 264 |
_aKuala Lumpur : _bIslamic Arts Museum Malaysia, _c [2016] |
||
| 300 |
_a180 pages : _b color illustrations ; _c26 x 29cm |
||
| 500 | _aIn conjuntion with the exhibition 'Dalaʾil al-Khayrat : prayer manuscripts from the 16th-19th centuries' which was launched at the Islamic Arts Museum Malaysia on 11th March 2016." -- T.p. verso | ||
| 504 | _a Includes bibliographical references (pages 174-175) and index. | ||
| 546 | _a In English. | ||
| 599 | _aDALAM PROSES | ||
| 650 | 0 |
_aPrayer _x Islam. _91518 |
|
| 700 | 0 |
_aNurul Iman Rusli, _e author _98332 |
|
| 700 | 0 |
_aAmira Salleh, _e editor. _98333 |
|
| 942 |
_2ddc _cBOOK |
||